| 000 | 01149cam a22003135a 4500 | ||
|---|---|---|---|
| 001 | 11785911 | ||
| 005 | 20161201114036.0 | ||
| 008 | 131017t2014 maua frbd 001 0 eng d | ||
| 020 | _z9781449691998 | ||
| 040 |
_aCtWfDGI _beng _cCtWfDGI _dEG-ScBUE |
||
| 082 | 0 | 4 |
_a005.1 _222 _bTSU |
| 100 | 1 | _aTsui, Frank F. | |
| 245 | 1 | 0 |
_aEssentials of software engineering / _cFrank Tsui, Orlando Karam, Barbara Bernal. |
| 250 | _a3rd ed. | ||
| 260 |
_aBurlington : _bJones & Bartlett Learning, _cc.2014 _e(Norwood, Mass. : _fBooks24x7.com [generator]) |
||
| 300 |
_axvii, 327 p. : _bill. ; _c24 cm. |
||
| 500 | _aGlossary : p. 317-319. | ||
| 504 | _aIncludes bibliographical references and index. | ||
| 538 | _aMode of access: Internet via World Wide Web. | ||
| 550 | _aDigitized and made available by: Books24x7.com. | ||
| 590 | _aAccess is available to the Yale community. | ||
| 590 | _aFirst time users must register for a free personal username and password. | ||
| 650 | 7 |
_aSoftware engineering. _2BUEsh _93832 |
|
| 651 | _2BUEsh | ||
| 653 |
_bENGELC _cDecember2016 |
||
| 700 | 1 | _aBernal, Barbara. | |
| 700 | 1 | _aKaram, Orlando. | |
| 942 | _2ddc | ||
| 999 |
_c23407 _d23379 |
||